CORAASAN, en el centenario del primer acueducto de gestión 1915-2015, vida agua, desarrollo sostenible y ciudadania, Santiago, República Dominicana (Record no. 8019)

MARC details
000 -LEADER
campo de control de longitud fija 00489nam a2200145Ia 4500
001 - NÚMERO DE CONTROL
campo de control 4162
008 - DATOS DE LONGITUD FIJA--INFORMACIÓN GENERAL
campo de control de longitud fija 241024s9999 xx 000 0 und d
020 ## - NÚMERO INTERNACIONAL ESTÁNDAR DEL LIBRO
Número Internacional Estándar del Libro 978-9945-8673-8-1
082 ## - NÚMERO DE LA CLASIFICACIÓN DECIMAL DEWEY
Número de clasificación RD/627/D948c
100 ## - ENTRADA PRINCIPAL--NOMBRE DE PERSONA
Nombre de persona Carmen Durán
245 #0 - MENCIÓN DEL TÍTULO
Título CORAASAN, en el centenario del primer acueducto de gestión 1915-2015, vida agua, desarrollo sostenible y ciudadania, Santiago, República Dominicana
260 ## - PUBLICACIÓN, DISTRIBUCIÓN, ETC.
Nombre del editor, distribuidor, etc. Ed. Molina composición
Fecha de publicación, distribución, etc. 2015
901 ## - ELEMENTOS DE DATOS A LOCAL LDA (RLIN)
a 17/8/2016 12:11:26 p.m.

No items available.

© 2024. Todos los Derechos Reservados. Desarrollado por IDEICE